Gaming Quiz

Random Gaming or Minecraft Quiz

Minecraft quiz Stats

 Plays Quiz not verified by Sporcle

Score 0/10 Timer 05:00
4 Plays Today
Question Answer Wrong Answers
Who made minecraft? Notch
88.7%
Jeb
11.3%
How much cobblestone does it take to make a lever? 1
79%
3
8.1%
2
12.9%
0
0%
What is the newest animal added in the game? Panda
74.2%
Bat
11.3%
Sloth
6.5%
Turkey
8.1%
What is minecraft most popular on? pc
69.4%
play station
4.8%
xbox
21%
mobile
3.2%
What is the fastest way of transportation in minecraft? minecart
67.7%
boat
19.4%
running
8.1%
jumping
1.6%
What game has taken over minecraft? fortnite
67.7%
roblox
11.3%
pubg mobile
1.6%
it has not got taken over
16.1%
Who is the most popular minecrft youtuber? dantdm
67.7%
popularmmos
21%
nobody does minecraft
8.1%
Who was the first one to die in minecraft story mode? Rueban
64.5%
Jesse
6.5%
Axel
14.5%
Petra
12.9%
When was minecraft released? 2009
61.3%
2008
17.7%
2010
4.8%
2011
16.1%
Who was the main character in minecraft story mode? Jesse
51.6%
Alex
3.2%
Steve
38.7%
Petra
6.5%

You're not logged in!

Compare scores with friends on all Sporcle quizzes.
OR
Log In

You Might Also Like...

Show Comments

Extras

Created Feb 12, 2019ReportNominate
Tags:Minecraft Quiz

Top Quizzes Today


Score Distribution

Your Account Isn't Verified!

In order to create a playlist on Sporcle, you need to verify the email address you used during registration. Go to your Sporcle Settings to finish the process.

Report this User

Report this user for behavior that violates our Community Guidelines.

Details: